000 00816nam a22001935i 4500
001 152891
003 ES-MaACL
005 20250902063107.0
008 950206s1888 sp f |||| | spa d
040 _aCARM
_bspa
_cCCPB | PA2
100 1 _aBustamante y Quevedo, Joaquín,
_d1847-1898
_932883
245 1 0 _aDescripción e instrucciones para el reconocimiento, conservación y manejo del torpedo mecánico Bustamante /
_cpor su inventor el Teniente de Navío de 1ª Clase Don Joaquín Bustamante y Quevedo.
260 _aBarcelona :
_bSucesores de Narciso Ramiez y C",
_c1888.
300 _a111 p., 11 h. de lám. ;
_c20 cm.
500 _aEjemplar sin port., datos tomados de Palau, II, 37800.
650 4 _aTorpedos.
_9147966
852 _aES-MaACL
_jG-12293
_z-- Enc. tela
999 _c152891
_d152891